| 000 | 00873 a2200193 4500 | ||
|---|---|---|---|
| 003 | NUST | ||
| 005 | 20230707092244.0 | ||
| 010 | _a7479485 | ||
| 040 | _cNust | ||
| 082 | _a515,HAR | ||
| 100 |
_aHart, William L. _9113437 |
||
| 245 |
_aCalculus with applications: _bA Brif Course / _cWilliam L Hart |
||
| 260 |
_aNew York _b Laidlaw Brother _c1973 |
||
| 300 | _axii,327p.; | ||
| 505 | _aCertain precalculus(Page-1), Calculus with applications (Page-53) Differentiation of exponential and logarithmic functions (Page-145), Introduction to solid analytic geometry (Page-215), Partial differentiation and applications (Page-229), Applications of integration (Page-261), Improper integrals,and probability for a continuous random variable (Page-305). | ||
| 600 |
_aWilliam L. Hart. _9113438 |
||
| 650 |
_aCalculus with applications _9113439 |
||
| 942 |
_2ddc _cBK _k515,HAR |
||
| 999 |
_c180330 _d180330 |
||